00378nam a22000857a 4500008004100000010001200041245007900053260000900132500015100141110616t xxu||||| |||| 00| 0 eng d aCACAF46 aCourt of Appeal Criminal Appeal NO.37 OF 2000 Mwebaze Benjamine Vs Uganda  c2000 aCoram: Hon. Lady Justice L.E.M. Mukasa-Kikonyogo,DCJ Hon. Mr. Justice J.P. Berko, JA. Hon. Lady Justice C.N.B. Kitumba, JA